[Event "Quebec op"]
[Site "Montreal CAN"]
[Date "2007.07.23"]
[Round "4"]
[White "Morin, Yves"]
[Black "Grant, Jonathan"]
[Result "1/2-1/2"]
[WhiteElo "2226"]
[BlackElo "2280"]
[PlyCount "115"]
[GameId "2160767910576203"]
[EventDate "2007.07.20"]
[EventType "swiss"]
[EventRounds "9"]
[EventCountry "CAN"]
[SourceTitle "CBM 119 Extra"]
[Source "ChessBase"]
[SourceDate "2007.09.04"]
[SourceVersion "1"]
[SourceVersionDate "2007.09.04"]
[SourceQuality "1"]

1. e4 c6 2. d4 d5 3. f3 e6 4. Nc3 Bb4 5. Bd3 dxe4 6. fxe4 Qxd4 7. Nf3 Qc5 8. a3 Bxc3+ 9. bxc3 Nf6 10. Rb1 Nbd7 11. Qe2 e5 12. Rb3 Qe7 13. O-O Nc5 14. Rb4 Bg4 15. Bg5 h6 16. Bh4 g5 17. Bg3 Nfd7 18. Qe3 O-O-O 19. Rfb1 Bxf3 20. Qxf3 f6 21. Bf2 Kc7 22. Qe3 Rb8 23. Be2 b6 24. Bg4 h5 25. Bf5 h4 26. a4 Nb7 27. h3 c5 28. R4b2 Rbd8 29. Qe2 Nb8 30. Rb5 Nc6 31. R5b2 Nca5 32. Qa6 Kb8 33. Rb5 Nc4 34. a5 Ncxa5 35. Rxa5 bxa5 36. Kh2 Rc8 37. Bxc8 Rxc8 38. Qxa5 Qc7 39. Qa4 Qc6 40. Qc4 Ka8 41. Ra1 Nd6 42. Qa2 Qb7 43. Rb1 Qxe4 44. Qe6 Qc6 45. Qxf6 Ne4 46. Qf5 Nxf2 47. Qxf2 Qe4 48. Kh1 Qf4 49. Qe2 e4 50. Qa6 Qc7 51. Qg6 Qc6 52. Qxg5 Re8 53. Qe3 a6 54. Rf1 Qd6 55. Rf5 Qd1+ 56. Kh2 Qd6+ 57. Kg1 Qd1+ 58. Kh2 1/2-1/2

[Event "Quebec op"]
[Site "Montreal CAN"]
[Date "2007.07.23"]
[Round "4"]
[White "Nataf, Igor A"]
[Black "Tu, Hoang Thong"]
[Result "1/2-1/2"]
[WhiteElo "2588"]
[BlackElo "2483"]
[PlyCount "66"]
[GameId "2160767910576204"]
[EventDate "2007.07.20"]
[EventType "swiss"]
[EventRounds "9"]
[EventCountry "CAN"]
[SourceTitle "CBM 119 Extra"]
[Source "ChessBase"]
[SourceDate "2007.09.04"]
[SourceVersion "1"]
[SourceVersionDate "2007.09.04"]
[SourceQuality "1"]

1. e4 e6 2. d4 d5 3. Nc3 Bb4 4. exd5 exd5 5. Bd3 Nf6 6. a3 Bd6 7. Nb5 Be7 8. Bf4 Na6 9. Ne2 c6 10. Nbc3 Nc7 11. h3 Ne6 12. Be5 Nd7 13. Bh2 O-O 14. f4 Bf6 15. Bg1 Re8 16. Kf1 b6 17. h4 Bb7 18. Rh3 c5 19. Nb5 Ndf8 20. f5 Nxd4 21. Nexd4 a6 22. Nc3 Bxd4 23. Bxd4 cxd4 24. Ne2 Re3 25. Qe1 Qf6 26. Qf2 Rae8 27. Qf4 R8e5 28. Qg5 Qd6 29. Rg3 g6 30. Qf4 Qf6 31. Qg5 Qd6 32. Qf4 Qf6 33. Qg5 Qd6 1/2-1/2

[Event "Quebec op"]
[Site "Montreal CAN"]
[Date "2007.07.23"]
[Round "4"]
[White "Rozentalis, Eduardas"]
[Black "Perez Garcia, Rodney Oscar"]
[Result "1-0"]
[WhiteElo "2551"]
[BlackElo "2420"]
[PlyCount "45"]
[GameId "2160767910576205"]
[EventDate "2007.07.20"]
[EventType "swiss"]
[EventRounds "9"]
[EventCountry "CAN"]
[SourceTitle "CBM 119 Extra"]
[Source "ChessBase"]
[SourceDate "2007.09.04"]
[SourceVersion "1"]
[SourceVersionDate "2007.09.04"]
[SourceQuality "1"]

1. e4 e6 2. d4 d5 3. e5 c5 4. c3 Qb6 5. Nf3 Bd7 6. Bd3 cxd4 7. Nxd4 Nc6 8. Nxc6 Bxc6 9. a4 Ne7 10. O-O Qc7 11. Re1 Bd7 12. Nd2 Nc6 13. Nf3 Be7 14. b4 Rc8 15. Ba3 Qd8 16. Ra2 O-O 17. Bb1 f5 18. exf6 Bxf6 19. c4 dxc4 20. b5 Ne7 21. Rd2 Nd5 22. Bxf8 Qxf8 23. Rxd5 1-0

[Event "Quebec op"]
[Site "Montreal CAN"]
[Date "2007.07.23"]
[Round "4"]
[White "Sandipan, Chanda"]
[Black "Rychagov, Andrey"]
[Result "1/2-1/2"]
[WhiteElo "2563"]
[BlackElo "2557"]
[PlyCount "172"]
[GameId "2160767910576206"]
[EventDate "2007.07.20"]
[EventType "swiss"]
[EventRounds "9"]
[EventCountry "CAN"]
[SourceTitle "CBM 119 Extra"]
[Source "ChessBase"]
[SourceDate "2007.09.04"]
[SourceVersion "1"]
[SourceVersionDate "2007.09.04"]
[SourceQuality "1"]

1. e4 e6 2. d4 d5 3. e5 c5 4. c3 Qb6 5. Nf3 Nc6 6. Be2 Nh6 7. Bxh6 gxh6 8. Qd2 Bg7 9. O-O O-O 10. Na3 cxd4 11. cxd4 Bd7 12. Nc2 f6 13. exf6 Rxf6 14. b4 Raf8 15. b5 Ne7 16. Ne5 Be8 17. g3 Nf5 18. a4 h5 19. f4 Qd8 20. Ne3 Nd6 21. Ng2 Nf5 22. Nf3 Bg6 23. Ngh4 Nxh4 24. Nxh4 R6f7 25. Nf3 Rc7 26. Rac1 Be4 27. h4 Rxc1 28. Rxc1 Bxf3 29. Bxf3 Qf6 30. Bxh5 Qxd4+ 31. Qxd4 Bxd4+ 32. Kg2 e5 33. Rd1 Rd8 34. Bf3 Kg7 35. fxe5 Bxe5 36. Bxd5 h5 37. Kf3 b6 38. Ke4 Re8 39. Bc6 Re7 40. Kf3 Kf6 41. Kg2 Rg7 42. Rd3 Rg8 43. Bd5 Rg7 44. Bb3 Rc7 45. Bd1 Kg6 46. Rd5 Kf6 47. Rd3 Kg6 48. Rd8 Kg7 49. Re8 Kf6 50. Bxh5 Rc2+ 51. Kh3 Rc3 52. Rg8 Rc4 53. Rg4 Rxg4 54. Kxg4 Bc3 55. Kh3 Be1 56. Bd1 Ke5 57. Bc2 Kf6 58. Bd1 Kf5 59. Kg2 Ke4 60. Bg4 Kd4 61. Bd7 Ke4 62. Kh3 Ke5 63. g4 Bf2 64. g5 Kf4 65. g6 Bd4 66. Kg2 Bg7 67. Be6 Bh6 68. Kh3 Bg7 69. Bg4 Bh6 70. Bd1 Kf5 71. h5 Kf4 72. Kg2 Bf8 73. Kf2 Bg7 74. Ke2 Bh6 75. Kd3 Ke5 76. Kc4 Bf8 77. Bb3 Bg7 78. Bd1 Ke4 79. Bc2+ Ke5 80. a5 bxa5 81. Kc5 Kf6 82. Kc6 Kg5 83. Kb7 Kxh5 84. Kxa7 a4 85. b6 a3 86. Bb1 a2 1/2-1/2

[Event "Quebec op"]
[Site "Montreal CAN"]
[Date "2007.07.23"]
[Round "4"]
[White "St Amand, Paul Jr"]
[Black "Szalay, Karoly"]
[Result "1-0"]
[WhiteElo "2074"]
[BlackElo "1982"]
[PlyCount "62"]
[GameId "2160767910576207"]
[EventDate "2007.07.20"]
[EventType "swiss"]
[EventRounds "9"]
[EventCountry "CAN"]

1. e4 e5 2. Nf3 Nc6 3. Bb5 a6 4. Ba4 Nf6 5. O-O b5 6. Bb3 Bc5 7. a4 Bb7 8. d3 h6 9. Nc3 b4 10. Nd5 d6 11. a5 O-O 12. c3 Nxd5 13. Bxd5 Nxa5 14. Rxa5 c6 15. Rxc5 cxd5 16. Rxd5 Bxd5 17. exd5 Qa5 18. c4 Qa2 19. Nh4 f5 20. Qh5 Rf6 21. Nxf5 Raf8 22. g4 R8f7 23. Bxh6 g6 24. Qg5 Kh7 25. Bg7 gxf5 26. Bxf6 Rxf6 27. Qxf6 Qxb2 28. gxf5 Qd4 29. Qg6+ Kh8 30. f6 Qa7 31. f7 Qxf7 1-0

[Event "Quebec op"]
[Site "Montreal CAN"]
[Date "2007.07.24"]
[Round "5"]
[White "Aveskulov, Valeriy"]
[Black "Sandipan, Chanda"]
[Result "1/2-1/2"]
[WhiteElo "2539"]
[BlackElo "2563"]
[PlyCount "69"]
[GameId "2160767910576209"]
[EventDate "2007.07.20"]
[EventType "swiss"]
[EventRounds "9"]
[EventCountry "CAN"]
[SourceTitle "CBM 119 Extra"]
[Source "ChessBase"]
[SourceDate "2007.09.04"]
[SourceVersion "1"]
[SourceVersionDate "2007.09.04"]
[SourceQuality "1"]

1. e4 c5 2. Nf3 e6 3. d4 cxd4 4. Nxd4 Nf6 5. Nc3 d6 6. Be2 Be7 7. O-O O-O 8. f4 Nc6 9. Kh1 a6 10. Nxc6 bxc6 11. e5 dxe5 12. fxe5 Nd7 13. Bf4 Bg5 14. Qd6 Rb8 15. Rab1 Bxf4 16. Rxf4 Qa5 17. Re4 c5 18. h3 Rxb2 19. Rxb2 Qxc3 20. Rb3 Qxc2 21. Ree3 Qxa2 22. Kh2 Qa4 23. Bf3 Qf4+ 24. Kh1 a5 25. Rbc3 a4 26. Bc6 Nb6 27. Qxc5 Nd5 28. Bxd5 Qf1+ 29. Kh2 exd5 30. Rf3 Qa6 31. Qxd5 Bb7 32. Qd3 Qa5 33. Re3 Rd8 34. Qe2 Bd5 35. Rcd3 1/2-1/2

[Event "Quebec op"]
[Site "Montreal CAN"]
[Date "2007.07.24"]
[Round "5"]
[White "Chabot, Roland"]
[Black "Hua, Lethyn"]
[Result "0-1"]
[WhiteElo "2251"]
[BlackElo "2323"]
[PlyCount "104"]
[GameId "2160767910576211"]
[EventDate "2007.07.20"]
[EventType "swiss"]
[EventRounds "9"]
[EventCountry "CAN"]
[SourceTitle "CBM 119 Extra"]
[Source "ChessBase"]
[SourceDate "2007.09.04"]
[SourceVersion "1"]
[SourceVersionDate "2007.09.04"]
[SourceQuality "1"]

1. d4 Nf6 2. c4 c5 3. d5 e6 4. Nc3 exd5 5. cxd5 d6 6. e4 g6 7. Bd3 Bg7 8. h3 O-O 9. Nf3 Nh5 10. Bg5 Bf6 11. Bh6 Re8 12. O-O Nd7 13. Re1 a6 14. a4 Bg7 15. Bg5 Qc7 16. Rc1 Ne5 17. Be2 h6 18. Be3 Nxf3+ 19. Bxf3 Nf6 20. b4 cxb4 21. Nb5 Qxc1 22. Qxc1 axb5 23. axb5 Nxe4 24. Qc4 Nc5 25. Rd1 Bd7 26. Bxc5 Rac8 27. Qxb4 Rxc5 28. Qf4 Bf8 29. b6 Rec8 30. Bg4 Rc4 31. Qe3 Bxg4 32. hxg4 R4c5 33. Ra1 Bg7 34. Ra7 Rc1+ 35. Kh2 Be5+ 36. g3 Kg7 37. Rxb7 R8c3 38. Qe4 R1c2 39. Kg1 Rc1+ 40. Kg2 R1c2 41. Re7 Rxg3+ 42. Kf1 Rc1+ 43. Ke2 Rgg1 44. Qa4 Rce1+ 45. Kf3 Ra1 46. Qd7 Ra3+ 47. Ke2 Ra2+ 48. Kd3 Rd1+ 49. Kc4 Rc1+ 50. Kb5 Rc5+ 51. Kb4 Bc3+ 52. Kb3 Rb2+ 0-1

[Event "Quebec op"]
[Site "Montreal CAN"]
[Date "2007.07.24"]
[Round "5"]
[White "Grant, Jonathan"]
[Black "Jiang, Louie"]
[Result "1/2-1/2"]
[WhiteElo "2280"]
[BlackElo "2072"]
[PlyCount "121"]
[GameId "2160767910576213"]
[EventDate "2007.07.20"]
[EventType "swiss"]
[EventRounds "9"]
[EventCountry "CAN"]
[SourceTitle "CBM 119 Extra"]
[Source "ChessBase"]
[SourceDate "2007.09.04"]
[SourceVersion "1"]
[SourceVersionDate "2007.09.04"]
[SourceQuality "1"]

1. c4 e5 2. Nc3 Nf6 3. Nf3 Nc6 4. g3 d5 5. cxd5 Nxd5 6. Bg2 Nb6 7. O-O Be7 8. a3 O-O 9. b4 Be6 10. d3 f6 11. Bb2 a5 12. b5 Nd4 13. Nd2 c6 14. a4 cxb5 15. axb5 Qd7 16. Ba3 Bb4 17. Nde4 Rfc8 18. Bxb4 axb4 19. Rxa8 Nxa8 20. Nb1 f5 21. Ng5 Bb3 22. Qd2 Qxb5 23. e3 Ne6 24. Qb2 Qxd3 25. Nxe6 Bxe6 26. Qxe5 Re8 27. Qa5 Qd6 28. Bxb7 Nb6 29. Rc1 Nc4 30. Qb5 Rb8 31. Rxc4 Qd1+ 32. Kg2 Bxc4 33. Qxc4+ Kh8 34. Qc7 Rg8 35. Qf7 Qxb1 36. Bd5 Rc8 37. h4 f4 38. Qxf4 Qb2 39. Qf7 Qf6 40. Qb7 Rf8 41. f4 Qd6 42. e4 Qb8 43. Qe7 Re8 44. Qf7 Rf8 45. Qe7 Re8 46. Qf7 b3 47. Bxb3 Rxe4 48. Be6 Re2+ 49. Kh3 Qa8 50. h5 Re3 51. Bd5 Qc8+ 52. Kh4 Qd8+ 53. Kg4 Qc8+ 54. Kh4 Qd8+ 55. Kg4 h6 56. Qf5 Qe8 57. Bf7 Qa8 58. Bd5 Qe8 59. Bf7 Qc6 60. Bd5 Qe8 61. Bf7 1/2-1/2

[Event "Quebec op"]
[Site "Montreal CAN"]
[Date "2007.07.24"]
[Round "5"]
[White "Huzman, Alexander"]
[Black "Vul, Arkadi"]
[Result "1-0"]
[WhiteElo "2601"]
[BlackElo "2312"]
[PlyCount "65"]
[GameId "2160767910576215"]
[EventDate "2007.07.20"]
[EventType "swiss"]
[EventRounds "9"]
[EventCountry "CAN"]
[SourceTitle "CBM 119 Extra"]
[Source "ChessBase"]
[SourceDate "2007.09.04"]
[SourceVersion "1"]
[SourceVersionDate "2007.09.04"]
[SourceQuality "1"]

1. d4 d5 2. c4 e6 3. Nf3 Nf6 4. g3 dxc4 5. Bg2 Bb4+ 6. Bd2 a5 7. Qc2 Bxd2+ 8. Qxd2 Bd7 9. Ne5 Bc6 10. Nxc6 Nxc6 11. Na3 Nxd4 12. Bxb7 Rb8 13. Bg2 O-O 14. Rd1 c5 15. e3 Nf5 16. Qxd8 Rfxd8 17. Rxd8+ Rxd8 18. Nxc4 Nd6 19. Nxa5 Rb8 20. b3 Rb5 21. Nc6 Nfe4 22. O-O Rb6 23. Ne5 f6 24. Bxe4 Nxe4 25. Nc4 Ra6 26. a4 Kf7 27. Rd1 Ke7 28. Rd3 f5 29. f3 Nf6 30. Kf2 Nd7 31. e4 fxe4 32. fxe4 Ra8 33. Rxd7+ 1-0

[Event "Quebec op"]
[Site "Montreal CAN"]
[Date "2007.07.24"]
[Round "5"]
[White "Kunte, Abhijit"]
[Black "Nataf, Igor A"]
[Result "1/2-1/2"]
[WhiteElo "2519"]
[BlackElo "2588"]
[PlyCount "37"]
[GameId "2160767910576216"]
[EventDate "2007.07.20"]
[EventType "swiss"]
[EventRounds "9"]
[EventCountry "CAN"]
[SourceTitle "CBM 119 Extra"]
[Source "ChessBase"]
[SourceDate "2007.09.04"]
[SourceVersion "1"]
[SourceVersionDate "2007.09.04"]
[SourceQuality "1"]

1. d4 Nf6 2. Nf3 g6 3. c3 Bg7 4. Bg5 O-O 5. Nbd2 d6 6. e4 c5 7. dxc5 dxc5 8. Bc4 Nc6 9. Qe2 Ng4 10. O-O Qc7 11. h3 Nge5 12. Nxe5 Nxe5 13. Bb3 b5 14. Qxb5 a5 15. Qe2 Ba6 16. Bc4 Nxc4 17. Nxc4 Rab8 18. b3 Bxc3 19. Rac1 1/2-1/2

[Event "Quebec op"]
[Site "Montreal CAN"]
[Date "2007.07.24"]
[Round "5"]
[White "Nicula, Marius"]
[Black "Masse, Hugues"]
[Result "1-0"]
[WhiteElo "2199"]
[BlackElo "2181"]
[PlyCount "65"]
[GameId "2160767910576217"]
[EventDate "2007.07.20"]
[EventType "swiss"]
[EventRounds "9"]
[EventCountry "CAN"]
[SourceTitle "CBM 119 Extra"]
[Source "ChessBase"]
[SourceDate "2007.09.04"]
[SourceVersion "1"]
[SourceVersionDate "2007.09.04"]
[SourceQuality "1"]

1. g3 g6 2. Bg2 Bg7 3. e4 c5 4. f4 Nc6 5. Nf3 e6 6. O-O Nge7 7. d3 O-O 8. c3 d5 9. Na3 b6 10. e5 Bb7 11. g4 d4 12. c4 a6 13. Ng5 Kh8 14. Qe2 Qc7 15. Bd2 Nb8 16. Bxb7 Qxb7 17. Rf3 Nd7 18. Raf1 h6 19. Rh3 Kg8 20. Ne4 Qc7 21. Be1 g5 22. fxg5 hxg5 23. Nf6+ Bxf6 24. exf6 Ng6 25. Bg3 e5 26. Qe4 Rfe8 27. Qf5 Re6 28. Qxg5 Kf8 29. Rh6 Qd6 30. Bh4 e4 31. Rxg6 fxg6 32. Qh6+ Ke8 33. f7# 1-0

[Event "Quebec op"]
[Site "Montreal CAN"]
[Date "2007.07.24"]
[Round "5"]
[White "Perez Garcia, Rodney Oscar"]
[Black "Ye, Ling Feng"]
[Result "1/2-1/2"]
[WhiteElo "2420"]
[BlackElo "2141"]
[PlyCount "33"]
[GameId "2160767910576219"]
[EventDate "2007.07.20"]
[EventType "swiss"]
[EventRounds "9"]
[EventCountry "CAN"]
[SourceTitle "CBM 119 Extra"]
[Source "ChessBase"]
[SourceDate "2007.09.04"]
[SourceVersion "1"]
[SourceVersionDate "2007.09.04"]
[SourceQuality "1"]

1. e4 c5 2. Nf3 e6 3. b3 d6 4. Bb5+ Nd7 5. c4 Ngf6 6. Nc3 Be7 7. O-O O-O 8. Bxd7 Bxd7 9. d4 cxd4 10. Qxd4 a6 11. a4 Rb8 12. Ba3 Qc7 13. Rfd1 Bc6 14. Rac1 Rfd8 15. Nd5 Bxd5 16. cxd5 Qd7 17. h3 1/2-1/2

[Event "Quebec op"]
[Site "Montreal CAN"]
[Date "2007.07.24"]
[Round "5"]
[White "St Amand, Paul Jr"]
[Black "Morin, Yves"]
[Result "1-0"]
[WhiteElo "2155"]
[BlackElo "2226"]
[PlyCount "52"]
[GameId "2160767910576224"]
[EventDate "2007.07.20"]
[EventType "swiss"]
[EventRounds "9"]
[EventCountry "CAN"]
[SourceTitle "CBM 119 Extra"]
[Source "ChessBase"]
[SourceDate "2007.09.04"]
[SourceVersion "1"]
[SourceVersionDate "2007.09.04"]
[SourceQuality "1"]

1. e4 e5 2. Nf3 d6 3. d4 Nd7 4. Nc3 c6 5. a4 Be7 6. Bc4 Ngf6 7. O-O O-O 8. h3 b6 9. Qe2 a6 10. Rd1 Qc7 11. Bg5 Bb7 12. Bb3 b5 13. a5 Rfe8 14. d5 c5 15. Rdc1 Rac8 16. Nd1 c4 17. Ba2 Nc5 18. Bxf6 Bxf6 19. Qe3 h6 20. b4 Nd7 21. c3 Kh7 22. Qe2 g6 23. Ne3 Bg7 24. Bb1 Nf6 25. Kh2 Nh5 26. g3 Nxg3 1-0

[Event "Quebec op"]
[Site "Montreal CAN"]
[Date "2007.07.24"]
[Round "5"]
[White "Szalay, Karoly"]
[Black "Kenanu, Dariush"]
[Result "1-0"]
[WhiteElo "1982"]
[BlackElo "1941"]
[PlyCount "117"]
[GameId "2160767910576225"]
[EventDate "2007.07.20"]
[EventType "swiss"]
[EventRounds "9"]
[EventCountry "CAN"]

1. e4 c5 2. Nf3 d6 3. d4 cxd4 4. Nxd4 Nf6 5. Nc3 a6 6. Bg5 e6 7. f4 Be7 8. Qf3 Qc7 9. O-O-O Nbd7 10. g4 b5 11. Bxf6 gxf6 12. Bd3 b4 13. Nce2 Nc5 14. Kb1 Bb7 15. Rhe1 Qb6 16. Ng3 O-O-O 17. h4 a5 18. g5 Kb8 19. Qh5 Rdf8 20. f5 a4 21. fxe6 fxe6 22. Bc4 fxg5 23. Nxe6 Nxe6 24. Bxe6 Rf2 25. Nf5 Qc7 26. Rc1 Bf6 27. Qh6 Be5 28. hxg5 a3 29. Bb3 Rh2 30. Qe6 Bxb2 31. Rcd1 Be5 32. Qc4 Qxc4 33. Bxc4 Kc7 34. Bd5 Ba6 35. Nh6 Bc3 36. Rh1 Rf2 37. Nf7 Rxf7 38. Bxf7 Be2 39. Rd5 Bf3 40. Rh4 Rf8 41. Rf5 Bg2 42. Rxh7 Kb6 43. Bc4 Re8 44. Rb5+ Kc6 45. Rbb7 Kc5 46. Bd3 Bxe4 47. Rbe7 Bxd3 48. cxd3 Rf8 49. Rhf7 Rh8 50. Re2 Rh1+ 51. Kc2 Rg1 52. Rf5+ d5 53. Kb3 Rb1+ 54. Ka4 Kd4 55. Rg2 Rb2 56. Rg4+ Kxd3 57. Rxd5+ Ke2 58. g6 Kf3 59. g7 1-0

[Event "Quebec op"]
[Site "Montreal CAN"]
[Date "2007.07.24"]
[Round "5"]
[White "Yoos, John"]
[Black "De la Paz Perdomo, Frank"]
[Result "1/2-1/2"]
[WhiteElo "2369"]
[BlackElo "2452"]
[PlyCount "82"]
[GameId "2160767910576227"]
[EventDate "2007.07.20"]
[EventType "swiss"]
[EventRounds "9"]
[EventCountry "CAN"]
[SourceTitle "CBM 119 Extra"]
[Source "ChessBase"]
[SourceDate "2007.09.04"]
[SourceVersion "1"]
[SourceVersionDate "2007.09.04"]
[SourceQuality "1"]

1. e4 e5 2. f4 Nc6 3. Bc4 Bc5 4. Nf3 d6 5. c3 Qe7 6. b4 Bb6 7. a4 a6 8. a5 Ba7 9. b5 axb5 10. Bxb5 Nf6 11. fxe5 dxe5 12. Ba3 Bc5 13. Bxc6+ bxc6 14. Bxc5 Qxc5 15. d4 exd4 16. cxd4 Qb5 17. e5 Nd5 18. Qd2 O-O 19. Kf2 f6 20. Nc3 Qc4 21. Rhc1 fxe5 22. Nxd5 Qxd5 23. Rc5 Qd6 24. Rxe5 Bg4 25. Qe3 Qb4 26. Kg1 Bxf3 27. gxf3 Rxf3 28. Re8+ Rxe8 29. Qxe8+ Rf8 30. Qe6+ Kh8 31. Qe5 h6 32. Qc5 Qb8 33. a6 Qc8 34. a7 Qg4+ 35. Kh1 Qe4+ 36. Kg1 Qg6+ 37. Kh1 Qe4+ 38. Kg1 Qe3+ 39. Kh1 Qf3+ 40. Kg1 Qe3+ 41. Kh1 Qe4+ 1/2-1/2

[Event "Quebec op"]
[Site "Montreal CAN"]
[Date "2007.07.25"]
[Round "6"]
[White "Abou Nassif, Ahmad"]
[Black "Szalay, Karoly"]
[Result "1-0"]
[WhiteElo "1842"]
[BlackElo "1982"]
[PlyCount "57"]
[GameId "2160767910576228"]
[EventDate "2007.07.20"]
[EventType "swiss"]
[EventRounds "9"]
[EventCountry "CAN"]

1. Nf3 d5 2. c4 e6 3. d4 c6 4. Nc3 Nf6 5. e3 Nbd7 6. Be2 Bd6 7. O-O dxc4 8. Bxc4 b5 9. Bd3 a6 10. e4 e5 11. Qe2 c5 12. dxc5 Nxc5 13. Bc2 Bb7 14. Rd1 Qc7 15. Bg5 Be7 16. Nd5 Nxd5 17. exd5 Bxg5 18. Nxg5 f6 19. b4 fxg5 20. bxc5 O-O 21. Rac1 Rad8 22. Be4 Rf6 23. d6 Qc8 24. Bxb7 Qxb7 25. c6 Qb6 26. c7 Rdf8 27. c8=Q Rxf2 28. Qxf8+ Rxf8+ 29. Kh1 1-0

[Event "Quebec op"]
[Site "Montreal CAN"]
[Date "2007.07.25"]
[Round "6"]
[White "Anastasovski, Nikola"]
[Black "Yoos, John"]
[Result "0-1"]
[WhiteElo "2089"]
[BlackElo "2369"]
[PlyCount "144"]
[GameId "2160767910576229"]
[EventDate "2007.07.20"]
[EventType "swiss"]
[EventRounds "9"]
[EventCountry "CAN"]
[SourceTitle "CBM 119 Extra"]
[Source "ChessBase"]
[SourceDate "2007.09.04"]
[SourceVersion "1"]
[SourceVersionDate "2007.09.04"]
[SourceQuality "1"]

1. e4 g6 2. c4 d6 3. Nc3 Bg7 4. g3 e5 5. Bg2 Nc6 6. d3 h5 7. h3 Be6 8. Be3 Qd7 9. Qd2 f5 10. Nge2 h4 11. O-O-O hxg3 12. fxg3 O-O-O 13. h4 Nf6 14. Bg5 Rdf8 15. Nd5 Ng4 16. Rdf1 Kb8 17. Nec3 Nd4 18. Kb1 c6 19. Nb4 Nf6 20. b3 Nh5 21. Qe3 f4 22. gxf4 exf4 23. Bxf4 Nxf4 24. Rxf4 Rxf4 25. Qxf4 Nxb3 26. axb3 Bxc3 27. Nc2 Be5 28. Qf2 Qe7 29. Bf3 c5 30. d4 cxd4 31. Nxd4 Bd7 32. Nc2 Rf8 33. Qe3 Bg7 34. Rd1 Qf6 35. Nd4 Qxh4 36. Kc2 Qh2+ 37. Rd2 Bh6 38. Qf2 Qxf2 39. Rxf2 Be3 40. Rd2 Bxd4 41. Rxd4 Rxf3 42. Rxd6 Bc6 43. e5 Re3 44. Kd2 Rg3 45. Rf6 a5 46. Rf7 Kc8 47. e6 Kd8 48. Rg7 Be4 49. Rg8+ Ke7 50. Ra8 Rxb3 51. Rxa5 Kxe6 52. Ra8 Bc6 53. Rd8 g5 54. Rg8 Kf5 55. c5 g4 56. Ke2 g3 57. Rf8+ Ke5 58. Rg8 g2 59. Rg7 Rb1 60. Rg5+ Kf6 61. Rg4 g1=Q 62. Rxg1 Rxg1 63. Kd3 Rg4 64. Ke3 Re4+ 65. Kd3 Ke5 66. Kc3 Rd4 67. Kb3 Kd5 68. Kc3 Kxc5 69. Kb3 Rc4 70. Kb2 Kb4 71. Ka2 Kc3 72. Kb1 Kb3 0-1

[Event "Quebec op"]
[Site "Montreal CAN"]
[Date "2007.07.25"]
[Round "6"]
[White "Kenanu, Dariush"]
[Black "Masse, Hugues"]
[Result "0-1"]
[WhiteElo "1941"]
[BlackElo "2181"]
[PlyCount "110"]
[GameId "2160767910576236"]
[EventDate "2007.07.20"]
[EventType "swiss"]
[EventRounds "9"]
[EventCountry "CAN"]

1. Nf3 Nf6 2. c4 g6 3. Nc3 d5 4. cxd5 Nxd5 5. e4 Nxc3 6. bxc3 Bg7 7. Bc4 c5 8. O-O Nc6 9. Bb2 O-O 10. Qc2 Bg4 11. Ne1 Na5 12. Qa4 Nxc4 13. Qxc4 b5 14. Qxc5 Be2 15. d4 Qd6 16. Qxd6 exd6 17. Nc2 Bxf1 18. Kxf1 Rfe8 19. f3 f6 20. Nb4 Kf7 21. Ke2 f5 22. Kd3 fxe4+ 23. fxe4 Ke6 24. Nd5 Kd7 25. Bc1 Rf8 26. Be3 Rab8 27. a4 bxa4 28. Rxa4 Rb7 29. Bf4 Rc8 30. h4 Bf8 31. Bg5 Bg7 32. Ra2 Rf8 33. Be7 Rf7 34. Bg5 Rf8 35. Bf4 Rc8 36. g4 Rc6 37. Bg5 Bf8 38. Rf2 Rc8 39. Bf6 a5 40. g5 Ra8 41. e5 a4 42. Ra2 dxe5 43. Bxe5 Bd6 44. Bf6 a3 45. Kc2 Re8 46. Be5 Bxe5 47. dxe5 Ra8 48. Nf4 Kc6 49. Nd3 Kd5 50. Ra1 Kc4 51. Nb4 Rf7 52. Re1 a2 53. Re4+ Kb5 54. Nxa2 Rxa2+ 55. Kb3 Raa7 0-1

[Event "Quebec op"]
[Site "Montreal CAN"]
[Date "2007.07.25"]
[Round "6"]
[White "Likavsky, Tomas"]
[Black "Aveskulov, Valeriy"]
[Result "1/2-1/2"]
[WhiteElo "2494"]
[BlackElo "2539"]
[PlyCount "130"]
[GameId "2160767910576237"]
[EventDate "2007.07.20"]
[EventType "swiss"]
[EventRounds "9"]
[EventCountry "CAN"]
[SourceTitle "CBM 119 Extra"]
[Source "ChessBase"]
[SourceDate "2007.09.04"]
[SourceVersion "1"]
[SourceVersionDate "2007.09.04"]
[SourceQuality "1"]

1. d4 Nf6 2. c4 e6 3. Nc3 Bb4 4. e3 O-O 5. Bd3 c5 6. Nf3 d5 7. O-O cxd4 8. exd4 dxc4 9. Bxc4 b6 10. Qe2 Bb7 11. Bg5 Bxc3 12. bxc3 Nbd7 13. Bd3 Qc7 14. Rac1 Ng4 15. Be4 Rac8 16. Bf4 Qxf4 17. Bxb7 Rc7 18. Ba6 Ngf6 19. Rfe1 Rd8 20. g3 Qd6 21. Qb2 Qc6 22. Nd2 Nf8 23. Bb5 Qd5 24. Bf1 Ng6 25. Bg2 Qd7 26. Nb3 Rdc8 27. Bf1 Ne7 28. c4 Qa4 29. c5 Ned5 30. Rc4 Qd7 31. a4 g6 32. Qa3 Ne7 33. Rcc1 Nf5 34. Red1 Qe7 35. a5 bxc5 36. dxc5 Nd7 37. Ba6 Rb8 38. Rc3 Ne5 39. Be2 Qf6 40. Rdc1 Nc6 41. Bf1 Nfd4 42. Nxd4 Nxd4 43. c6 e5 44. Qa2 Rxc6 45. Rxc6 Nxc6 46. Bg2 Nd4 47. Bd5 Qe7 48. a6 Kg7 49. Qc4 Qd7 50. Bb7 Rd8 51. Kg2 Qf5 52. Re1 Ne6 53. Qb5 e4 54. Qb2+ Qf6 55. Qxf6+ Kxf6 56. Rxe4 Nc5 57. Rb4 Rd6 58. Bc8 Rc6 59. Bb7 Rd6 60. Bc8 Ke7 61. Rb5 Nxa6 62. Ra5 Nb4 63. Rxa7+ Kf6 64. Bd7 Nd5 65. Bb5 h5 1/2-1/2

[Event "Quebec op"]
[Site "Montreal CAN"]
[Date "2007.07.25"]
[Round "6"]
[White "Morin, Yves"]
[Black "Berry, Jonathan"]
[Result "1/2-1/2"]
[WhiteElo "2226"]
[BlackElo "2241"]
[PlyCount "66"]
[GameId "2160767910576238"]
[EventDate "2007.07.20"]
[EventType "swiss"]
[EventRounds "9"]
[EventCountry "CAN"]
[SourceTitle "CBM 119 Extra"]
[Source "ChessBase"]
[SourceDate "2007.09.04"]
[SourceVersion "1"]
[SourceVersionDate "2007.09.04"]
[SourceQuality "1"]

1. e4 c6 2. Nc3 d5 3. Nf3 Bg4 4. h3 Bxf3 5. Qxf3 e6 6. Be2 d4 7. Nb1 Nd7 8. Qg3 g6 9. O-O Bg7 10. d3 Ne7 11. Nd2 O-O 12. Nf3 Qb8 13. Qh4 Qd6 14. Bh6 f6 15. Bf4 e5 16. Bd2 f5 17. Bg5 Rae8 18. c3 Nc5 19. cxd4 exd4 20. Bf4 Qd8 21. Rac1 Ne6 22. Ng5 Nxg5 23. Bxg5 Qd6 24. Bd1 Kh8 25. Bb3 Ng8 26. Bxg8 Kxg8 27. exf5 Rxf5 28. Rfe1 Rfe5 29. Rxe5 Qxe5 30. Qf4 Qe2 31. Qd2 Re5 32. Bf4 Re6 33. Rd1 Kf7 1/2-1/2